Six Flags Great Adventure Thrill Rides - Statistics

General Stats
  • This quiz has been taken 42 times
    28 since last reset
  • The average score is 10 of 17
Answer Stats
Roller Coasters % Correct
El Toro
91%
Kingda Ka
91%
Superman: Ultimate Flight
91%
Batman: The Ride
82%
Bizarro
82%
Green Lantern
82%
Nitro
82%
Skull Mountain
73%
Runaway Mine Train
64%
The Joker
55%
Slingshot
32%
Zumanjaro: Drop Of Doom
32%
El Diablo
27%
Twister
27%
SkyScreamer
18%
The Dark Knight Coaster
18%
Dare Devil Dive
14%
No matching quizzes found
Score Distribution
Percent of People with Each Score
Percentile by Number Answered
Your Score History
You have not taken this quiz since the last reset